00810nam a2200181 a 450000100100000000500170001000800410002704000250006824501980009326000530029130000200034450000510036465000260041570000380044171100270047995201050050699900170061100003525420240411202003.0111026s1985 ag 000 0 spa d aDO-SdBNPbspacBNPHU00aDeclaración universal de derechos humanos /cprecedida de un estudio sobre sus antecedentes, sus principios y su inserción en el mundo contemporáneo, por el profesor Cristóbal R. Garro. a[Buenos Aires] :b[Ediciones DePalma],c[1985?]. a78 p. ;c17 cm. aDatos del pie de imprenta tomados de Internet.20aDerechos humanos96581 aGarro, Cristóbal Ricardo9610082 aNaciones Unidas961009 001050718MOaGRbGRcCTd2011-10-26iLF1l0o p35254-10r2020-06-25w2020-06-25y1ZNo se presta c34745d34745